Loading...
| History - Other | 0 | 5 | 0 | 0 | 50 | 44 | 72.20 | 1 | 4 | 19.25 | 34.92 |
| History - World | 0 | 4 | 0 | 0 | 40 | 17 | 41.50 | 1 | 4 | 27.26 | 33.33 |
| Geography | 0 | 3 | 0 | 0 | 30 | 64 | 88.00 | 1 | 3 | 10.04 | 50.95 |
| Science - Other | 0 | 2 | 0 | 0 | 20 | 75 | 78.50 | 1 | 2 | 5.87 | 19.05 |
| Science - Physics | 0 | 2 | 0 | 0 | 20 | 47 | 62.50 | 0 | 2 | 9.63 | 15.34 |
| Mythology | 0 | 1 | 0 | 0 | 10 | 71 | 71.00 | 0 | 1 | 3.53 | 7.41 |
| Religion | 0 | 1 | 0 | 1 | 10 | 118 | 118.00 | 0 | 0 | 0.09 | 1.85 |
| Science - Biology | 0 | 1 | 0 | 0 | 10 | 81 | 81.00 | 0 | 0 | 2.93 | 4.76 |
| Science - Chemistry | 0 | 1 | 0 | 0 | 10 | 106 | 106.00 | 1 | 1 | 0.00 | 3.70 |
| Social Science | 0 | 1 | 0 | 0 | 10 | 50 | 50.00 | 0 | 1 | 9.29 | 11.11 |
| Fine Arts - Other | 0 | 1 | 0 | 0 | 10 | 76 | 76.00 | 0 | 0 | 3.64 | 3.70 |
| Fine Arts - Painting and Sculpture | 0 | 1 | 0 | 0 | 10 | 100 | 100.00 | 0 | 1 | 1.69 | 7.41 |
| History - American | 0 | 1 | 0 | 0 | 10 | 29 | 29.00 | 1 | 1 | 8.28 | 11.11 |
| History - European | 0 | 2 | 2 | 0 | 10 | 35 | 72.00 | 0 | 1 | 8.77 | 12.96 |
| Current Events | 0 | 1 | 1 | 0 | 5 | 54 | 54.00 | 1 | 1 | 16.82 | 33.33 |